Brainrot par images - Statistiques

Statistiques générales
  • Ce quiz a été pris 467 fois
  • Le résultat moyen est 8 sur 28
Statistiques - réponses
Par images Réponse % Correct
Skibidi Toilet
79%
Tralalero Tralala
79%
Six Seven
70%
Chimpanzini Bananini
61%
Tung Tung Sahur
56%
Brr Brr Patapim
49%
Cappucino Assassino
47%
Ballerina Capuccina
41%
Bombardino Crocodilo
41%
Frigo Camelo
39%
Lirili Larilla
33%
Ta Ta Ta Sahur
33%
Strawberry Elephant
31%
Boneca Ambalabu
24%
La Vaca Saturno Saturnita
24%
Job Job Job Sahur
19%
Taco Lucky Block
16%
Trippi Troppi
15%
Meowl
13%
Titi Titi Sahur
13%
Trulimero Trulicina
10%
Lucky Block Admin
8%
Udin Din Din Dun
4%
Orangutini Ananasini
3%
Blueberrini Octopussini
2%
Glorbo Frutto Drillo
2%
Spaghetti Tualetti
1%
Friuli Frulla
0%
Aucun quiz correspondant
Distribution des résultats
% des personnes avec chaque résultat
Percentile par nombre de réponses
Votre historique - résultats
Vous n’avez pas pris ce quiz